Soissons - Choix multiples - Statistiques

Statistiques générales
  • Ce quiz a été pris 8 fois
  • Le résultat moyen est 5 sur 10
Statistiques - réponses
Question Réponse % Correct
Quel roi a fait de Soissons la capitale de son royaume ? Clovis Ier
100%
Quel récipient aurait été brisé par un soldat de ce roi à la suite d'une victoire à Soissons ? Le Vase de Soissons
83%
Qui était le père de Carloman Ier, roi de France né à Soissons, sacré justement à Soissons ? Pépin le Bref
67%
Quel chef cuisinier, né à Soissons, est la star de l'émission Cauchemar en cuisine ? Philippe Etchebest
67%
À quoi est destinée la "Cité" représentée sur cette photo ?

362d1ec6dc-235.webp
Cité de la Musique et de la Danse
50%
Quel personnage a été félicité par la ville de Soissons peu après la diffusion du dernier épisode de sa série ? Marc de La Flamme / du Flambeau
50%
Sur laquelle de ces photographies est représentée la cathédrale Saint-Gervais-et-Saint-Protais de Soissons ?
33%
Lequel de ces légumes peut-être dit "de Soissons" ? Le haricot
33%
À la création du département, quel révolutionnaire, futur député de l'Aisne et soutien indéfectible de Robespierre, a mené bataille, en vain, pour que Soissons en devienne la préfecture et a donné son nom à l'un des collèges de la ville ? Louis Antoine de Saint-Just
17%
Quel danseur étoile donnait régulièrement des cours à Soissons, avant sa mort à Mercin-et-Vaux, l'une des communes frontalières ? Patrick Dupond
17%
Aucun quiz correspondant
Distribution des résultats
% des personnes avec chaque résultat
Percentile par nombre de réponses
Votre historique - résultats
Vous n’avez pas pris ce quiz